MDQL
is popping MORE tags! Check the
thread
!
Quizzes
Events
Quiz Creation
Community
Videos
Private Events
Remove Ads
Sign In
Join for FREE
Feedback
Dark Mode
Quiz Categories
Sports
Geography
Music
Movies
Television
Just For Fun
Miscellaneous
History
Literature
Language
Science
Gaming
Entertainment
Religion
Holiday
For Kids
Quiz Lab
Recent
Popular Today
Quiz Kudos Today
Editor Picks
Curator Picks
Quizzes by...
Day
Popularity
Type
Ratings
Length
Year
Community
Subscriptions
Recent Discussions
Orange Saloon
Badges
Playlists
Quests
Create
Leaderboards
Showdown
Live 5
Trivia Bingo
Activity
Puzzle Library
Sporcle Events
Private Events
Virtual Trivia
Globe League
Become a Host
Pub Owners
SporcleCon
Opinionation
Our Games
Videos
Blog
Mobile Apps
Partnerships
Remove Ads and Go Orange
Feedback
Entertainment
Celebrity
Famous
Musical
Broadway
Show
Quote
Comic Books
Anime
Superhero
DC Comics
Marvel
Cartoons
Animation
Entertainment
Celebrity
Famous
Musical
Broadway
Show
Quote
Comic Books
Anime
Superhero
DC Comics
Marvel
Cartoons
Animation
Random Quiz
Search Sporcle
×
Quiz Lab
Quiz Lab
Entertainment
finalist
Type in answers that appear in a list
Type in answers that appear in a list
Classic
Best Score? Go Orange.
DCI Finalists (All-Time) Stats
Can you name the corps that have made DCI Finals?
By
Spoon
5m
42 Questions
1,117 Plays
1,117 Plays
1,117 Plays
Comments
Comments
Give Quiz Kudos
Give Quiz Kudos
-
- Ratings
hide this ad
Replay
Link that replays current quiz
Next Quiz
Link to next quiz in quiz playlist
You Got
0%
They Got
Avg Score
49%
Avg Friend Score
Upgrade to see
Score Distribution
Jump to the score distribution portion of the page
Score
0/42
Timer
05:00
0
Plays Today
Times in Finals
Drum Corps
% Correct
43
Blue Devils
98.9%
29
Bluecoats
92.7%
39
The Cadets
92.7%
45
Santa Clara Vanguard
92.5%
43
The Cavaliers
91.1%
43
Phantom Regiment
91%
22
Carolina Crown
88%
22
Blue Knights
85.9%
40
Madison Scouts
84.2%
16
Blue Stars
83.3%
18
Boston Crusaders
80%
26
Crossmen
79%
1
The Academy
71.4%
20
Spirit of Atlanta
69.8%
3
North Star
68.4%
15
Glassmen
68.3%
9
Star of Indiana
68.1%
9
Troopers
64.9%
8
Colts
61.3%
8
Velvet Knights
49.7%
3
Anaheim Kingsmen
49.2%
Times in Finals
Drum Corps
% Correct
1
Cascades
44.9%
2
Oakland Crusaders
35.6%
9
Bridgemen
34.6%
1
Royal Crusaders
33.7%
1
Des Plaines Vanguard
32.4%
6
The Magic
32.3%
12
27th Lancers
32%
1
Black Knights
27.3%
7
Suncoast Sound
23.1%
10
Freelancers
22.8%
6
Sky Ryders
20.9%
6
Kilties
19.4%
1
Dutch Boy
18.7%
1
Purple Lancers
18%
3
Muchachos
16.1%
4
Guardsmen
12.6%
2
Argonne Rebels
12.4%
2
Seneca Optimists
11.5%
1
Bleu Raeders
10.7%
1
DeLaSalle Oaklands
8.5%
1
Commodores
7.7%
Quiz Playlist
Details
Report
Send in Message
Add To Playlist
Classic:
Type in answers that appear in a list
Quiz Source
Last Updated: Feb 21, 2019
Quiz Scoreboard
CHALLENGE
Sign Up to Join the Scoreboard
Show All
Scores
Hide
Comments
May contain spoilers
Recently Published
Two Season TV Shows II
by 123Four
Television
10m
Image Sorting: Flags VI
by Barbecue
Geography
2m
Find the 'City' Movie
by crazypaving
Movies
60s
More to Explore
Quiz From the Vault
Featured Blog Post
14 Easter Pick-up Lines to Find Eggs With
hide this ad
You Might Also Like...
Tags
appearance
corp
dci
DCI Finals
Drum
final
finalist
Today's Top Quizzes in Entertainment
Browse Entertainment
hide this ad
Today's Top Quizzes in finalist
Browse finalist
Top Contributed Quizzes in Entertainment
1
Marvel Classic Character Map
2
Dragon Ball Z: Goku's Fights in Order
3
Marvel Characters Bunker
4
Movie-Themed Roller Coasters
5
JoJo's Bizarre Logic Quiz
6
Harry Styles-Are you no.1 fan
7
Sorting Pictures: Villains
8
This is Your Life: Edward Elric
9
This is Your Life: Itachi Uchiha
10
Celebrity Spelling Bee
Explore More
Trending Topics
Anime
Marvel
Disney
NBA
Crossword
Kpop
Harry Potter
Pokémon
WWE
NFL
Soccer
Country
Song
The Office
Puzzle
hide this ad
More By:
Spoon
Quiz
Plays
Rating
Category
Featured
Created
Largest Indiana High Schools by Enrollment
1,783
4.00
Miscellaneous
Feb 12, 2010
DCI Finalists (All-Time)
1,117
3.67
Entertainment
Oct 14, 2009
DCI Champions
1,001
4.50
Entertainment
Oct 10, 2009
Top 100 Career TD Passers
670
4.00
Sports
Mar 25, 2011
DCI 2009 Order of Finish
259
5.00
Entertainment
Oct 12, 2009
Go to Creator's Profile
Score Distribution
Quiz Creator Spotlight
Spoon
Follow
Send a Message
Quizzes Created
-
Created Quiz Play Count
-
More By This Creator
Popular Quizzes Today
1
Find the US States - No Outlines Minefield
2
Colored Red Africa Blitz
3
Find the 'City' Movie
4
5x2 Blitz: Bands
5
The Countries of the World
6
Find the Countries of Europe - No Outlines Minefield
7
Find the US States
8
US States
More Entertainment Quizzes
Famous Duckfaces IV
Published
Trending Quizzes
Colored Red Europe Blitz I
Colored Red Africa Blitz II
Colored Red Europe Blitz II
Colored Red Africa Blitz III
Colored Red Europe Blitz III
Recently Updated
How Do You Spell That?
pecheneg
Godzilla Movies
pecheneg
Grab Bag: 4-10 Letters
pecheneg
2024 March Madness Bracket
pecheneg
Famous TV Couples
Peacemaker
Champions League XIs: Real Madrid
pecheneg
Largest US Cities 1790-2010
pecheneg
Rides in Walt Disney World
pecheneg
Most Oscar Losses (Acting)
pecheneg
Beyoncé Albums
pecheneg
Trending Topics
NBA
Kpop
Crossword
Anime
Marvel
Harry Potter
Disney
WWE
Country
Puzzle
The Office
Song
Pokémon
Soccer
NFL
Your Account Isn't Verified!
In order to create a playlist on Sporcle, you need to verify the email address you used during registration. Go to your
Sporcle Settings
to finish the process.
Report this User
Report this user for behavior that violates our
Community Guidelines
.
Details:
Send Report
Go to the Sporcle.com Mobile Site →
Comments